Recent management of distal tibial fracture using anterolateral distal tibial plate / (رقم التسجيلة. 76879)

تفاصيل مارك
000 -LEADER
fixed length control field 02468cam a2200349 a 4500
003 - CONTROL NUMBER IDENTIFIER
control field EG-GiCUC
005 - DATE AND TIME OF LATEST TRANSACTION
control field 20250223032531.0
008 - FIXED-LENGTH DATA ELEMENTS--GENERAL INFORMATION
fixed length control field 200308s2019 ua dh f m 000 0 eng d
040 ## - CATALOGING SOURCE
Original cataloging agency EG-GiCUC
Language of cataloging eng
Transcribing agency EG-GiCUC
041 0# - LANGUAGE CODE
Language code of text/sound track or separate title eng
049 ## - LOCAL HOLDINGS (OCLC)
Holding library Deposite
097 ## - Thesis Degree
Thesis Level Ph.D
099 ## - LOCAL FREE-TEXT CALL NUMBER (OCLC)
Classification number Cai01.11.25.Ph.D.2019.Al.R
100 0# - MAIN ENTRY--PERSONAL NAME
Personal name Altohamy Mohamad Almekkawy Ali
245 10 - TITLE STATEMENT
Title Recent management of distal tibial fracture using anterolateral distal tibial plate /
Statement of responsibility, etc. Altohamy Mohamad Almekkawy Ali ; Supervised Khaled Fawzy Mostafa , Walid Reda , Ahmad Maher Sultan
246 15 - VARYING FORM OF TITLE
Title proper/short title الطرق الحديثة فى علاج كسور أسفل القصبة باستخدام الشريحة الأمامية الخارجية
260 ## - PUBLICATION, DISTRIBUTION, ETC.
Place of publication, distribution, etc. Cairo :
Name of publisher, distributor, etc. Altohamy Mohamad Almekkawy Ali ,
Date of publication, distribution, etc. 2019
300 ## - PHYSICAL DESCRIPTION
Extent 171 P. :
Other physical details charts , facsimiles ;
Dimensions 25cm
502 ## - DISSERTATION NOTE
Dissertation note Thesis (Ph.D.) - Cairo University - Faculty of Medicine - Department of Orthopaedic Surgery
520 ## - SUMMARY, ETC.
Summary, etc. Background context: Management of Pilon fractures is a challenge to the orthopaedic surgeon due to soft tissue damage, extensive comminution, intraarticular extension and lack of vascularity. There is an increasing trend of using anterolateral plate due to an adequate soft tissue cover on anterolateral distal tibia. Purpose: To evaluate the results and complications of minimally invasive anterolateral locking plate in management of distal tibial fractures. Patient Sample: Prospective case series of 25 patients with distal tibial fractures with an average of 12 m of follow-up. Outcome Measures: Patients were assessed with radiological outcome by Teeny and Wiss score and the functional outcome by AOFAS scale to evaluate the bone and soft tissue healing and complications. Radiological union was confirmed with plain x-rays at 12 months postoperatively. Methods: This is a prospective study of twenty five adult patients with distal tibial fractures treated by anterolateral 3.5mm distal Tibial LCP by MIPPO technique between May 2015 and February 2017 were included in the study
530 ## - ADDITIONAL PHYSICAL FORM AVAILABLE NOTE
Additional physical form available note Issued also as CD
653 #4 - INDEX TERM--UNCONTROLLED
Uncontrolled term Anterolateral Plating
653 #4 - INDEX TERM--UNCONTROLLED
Uncontrolled term Distal Tibia fracture
653 #4 - INDEX TERM--UNCONTROLLED
Uncontrolled term MIPPO technique
700 0# - ADDED ENTRY--PERSONAL NAME
Personal name Ahmad Maher Sultan ,
Relator term
700 0# - ADDED ENTRY--PERSONAL NAME
Personal name Khaled Fawzy Mostafa ,
Relator term
700 0# - ADDED ENTRY--PERSONAL NAME
Personal name Walid Reda ,
Relator term
856 ## - ELECTRONIC LOCATION AND ACCESS
Uniform Resource Identifier <a href="http://172.23.153.220/th.pdf">http://172.23.153.220/th.pdf</a>
905 ## - LOCAL DATA ELEMENT E, LDE (RLIN)
Cataloger Asmaa
Reviser Cataloger
905 ## - LOCAL DATA ELEMENT E, LDE (RLIN)
Cataloger Nazla
Reviser Revisor
942 ## - ADDED ENTRY ELEMENTS (KOHA)
Source of classification or shelving scheme Dewey Decimal Classification
Koha item type Thesis
المقتنيات
Source of classification or shelving scheme Not for loan Home library Current library Date acquired Full call number Barcode Date last seen Koha item type Copy number
Dewey Decimal Classification   المكتبة المركزبة الجديدة - جامعة القاهرة قاعة الرسائل الجامعية - الدور الاول 11.02.2024 Cai01.11.25.Ph.D.2019.Al.R 01010110080958000 22.09.2023 Thesis  
Dewey Decimal Classification   المكتبة المركزبة الجديدة - جامعة القاهرة مخـــزن الرســائل الجـــامعية - البدروم 11.02.2024 Cai01.11.25.Ph.D.2019.Al.R 01020110080958000 22.09.2023 CD - Rom 80958.CD
Cairo University Libraries Portal Implemented & Customized by: Eng. M. Mohamady Contacts: new-lib@cl.cu.edu.eg | cnul@cl.cu.edu.eg
CUCL logo CNUL logo
© All rights reserved — Cairo University Libraries
CUCL logo
Implemented & Customized by: Eng. M. Mohamady Contact: new-lib@cl.cu.edu.eg © All rights reserved — New Central Library
CNUL logo
Implemented & Customized by: Eng. M. Mohamady Contact: cnul@cl.cu.edu.eg © All rights reserved — Cairo National University Library